|
|
|
|
| LEADER |
00000nam a22000007a 4500 |
| 005 |
2018103007047.0 |
| 007 |
cr|||| |||| |
| 008 |
181030s2013 co |||||s|||| 00||0 spa d |
| 020 |
|
|
|a 978-958-762-096-2
|
| 035 |
|
|
|a 22092
|
| 040 |
|
|
|a vLex
|
| 090 |
|
|
|c 8223
|d 8223
|
| 100 |
1 |
|
|a Cuartas Aguirre, Fernando
|
| 245 |
1 |
0 |
|a Banca Comercial y de Inversin̤
|h [Recurso electrn̤ico] /
|c Fernando Cuartas Aguirre
|
| 256 |
|
|
|a Servicio en ln̕ea
|
| 260 |
|
|
|a Bogot:̀
|b Ediciones de la U,
|c 2013
|
| 300 |
|
|
|a 1 recurso electrn̤ico
|
| 500 |
|
|
|a El desarrollo del tema se inicia con una breve alusin̤ a la historia de la banca, tanto en forma general en el mundo, como en forma particular en Colombia, con el surgimiento del banco Central o banco de la Repb︢lica. Se hace una clasificacin̤ bs̀ica de los dos tipos de banca existente y se seąlan las principales funciones y actividades de la banca, tanto en el r̀ea comercial y de servicios como en lo que se conoce como banca de inversin̤, clasificando acorde con algunos parm̀etros especf̕icos los diferentes tipos de bancos. Se determina en los subsiguientes capt̕ulos, la necesidad y props̤ito actual de expansin̤ de la banca, simultǹeamente con la globalizacin̤ de los mercados y la participacin̤ de la misma, como factor indispensable en el proceso de internacionalizacin̤ de las economa̕s de los pas̕es en desarrollo y en proceso de desarrollo, como catalizador del movimiento de recursos monetarios y de capitales para dar celeridad, fortaleza y grado de seguridad frente a los riesgos en los mercados mundiales. Se analizan las caracters̕ticas y elementos necesarios de las diversas organizaciones empresariales, entidades o empresas locales y multinacionales para facilitar a travš de la intermediacin̤ de la banca, la incursin̤ de las mismas en los grandes mercados con el props̤ito de llevar los productos y servicios y bienes negociables en todo el m̀bito mundial.
|
| 506 |
1 |
|
|a Disponible solo en los productos indicados
|d vLex Global
|d vLex Global (Academic Edition, excluding Law Schools)
|d vLex Global (U.S. Academic Edition, Law Schools)
|d vLex Global (U.S. Academic Edition, excluding Law Schools)
|d vLex Global (Academic Edition, Law Schools)
|
| 650 |
0 |
4 |
|a Economa̕ y negocios
|z Colombia
|
| 650 |
0 |
4 |
|a Banca y finanzas
|z Colombia
|
| 740 |
0 |
|
|a vLex Libros (Servicio en ln̕ea)
|
| 856 |
4 |
0 |
|u http://vlex.com/source/banca-comercial-y-de-inversion-22092
|z Acceso restringido
|
| 942 |
|
|
|c BOOK
|
| 999 |
0 |
|
|a Economy and business
|
| 999 |
0 |
|
|a Banking and finance
|